[Event "Aeroflot Open"]
[Site "Moscow RUS"]
[Date "2002.02.09"]
[Round "8"]
[White "Gagunashvili,M"]
[Black "Socko,B"]
[Result "1/2-1/2"]
[WhiteElo "2486"]
[BlackElo "2585"]
[EventDate "2002.02.04"]

1. d4 Nf6 2. c4 g6 3. Nf3 Bg7 4. g3 d6 5. Bg2 O-O 6. Nc3 a6 7. O-O Nc6 8.
h3 Bd7 9. Be3 Rb8 10. Rc1 Na5 11. Nd5 b5 12. Nxf6+ Bxf6 13. Bh6 Re8 14. c5
e5 15. cxd6 cxd6 16. dxe5 dxe5 17. Nd2 Be7 18. Ne4 Bc6 19. Nf6+ Bxf6 20.
Bxc6 Re6 21. Bd5 Rd6 22. e4 Nc4 23. Qe2 Bg5 24. Bxg5 Qxg5 25. h4 Qd8 26.
Rfd1 Nb6 27. Bb3 Rc8 28. Qf3 Nc4 29. h5 Rd4 30. Qg4 Rc7 31. hxg6 hxg6 32.
Kg2 Kg7 33. Qh3 Qa8 34. Rxd4 exd4 35. Rh1 Qxe4+ 36. Kg1 Qe1+ 37. Kg2 Qe4+
38. Kg1 Kf6 39. Qh8+ Ke7 40. Qb8 Qb7 41. Qh8 Qe4 42. Qb8 Rb7 43. Qg8 Ne5
44. Bd1 Rd7 45. Qc8 Qc6 46. Qh8 Qf6 47. Qc8 Qc6 48. Qh8 Qd5 49. Qh4+ Kd6
50. Qf6+ Qe6 51. Qf4 Kc5 52. Rh8 Kb6 53. a4 bxa4 54. Bxa4 Nc6 55. Rc8 Rd6
56. Rxc6+ Rxc6 57. Qxd4+ Kb7 58. Bxc6+ Kxc6 59. b4 Qd5 60. Qa7 Kb5 61. Qb8+
Ka4 62. Qb6 Qd1+ 63. Kg2 Qd3 64. Qa5+ Kb3 65. Qc5 Qe4+ 66. Kg1 Qxb4 67.
Qe3+ Ka4 68. Qe8+ Ka3 69. Qxf7 Qb1+ 70. Kh2 a5 71. Qe7+ Qb4 72. Qe3+ Kb2
73. Qe2+ Kb3 74. Qd3+ Qc3 75. Qb1+ Qb2 76. Qd3+ Qc3 77. Qb1+ Ka3 78. Qxg6
a4 79. Qb1 Qb2 80. Qd3+ Ka2 81. Qd5+ Qb3 82. Qd2+ Kb1 83. Qe1+ Kb2 84. Qe5+
Kc1 85. Qe1+ Qd1 86. Qb4 Qc2 87. Kg2 Qb3 88. Qe1+ Kc2 89. Qe2+ Kc3 90. Qe5+
Kb4 91. Qd6+ Ka5 92. Qc5+ Qb5 93. Qc3+ Qb4 94. Qe5+ Kb6 95. Qb8+ Kc5 96.
Qe5+ Kc4 97. Qe4+ Kc3 98. Qe1+ 1/2-1/2

[Event "Aeroflot Open"]
[Site "Moscow RUS"]
[Date "2002.02.09"]
[Round "8"]
[White "Bagirov,R"]
[Black "Ivanov,AV"]
[Result "1/2-1/2"]
[WhiteElo "2471"]
[BlackElo "2578"]
[EventDate "2002.02.04"]

1. d4 g6 2. c4 Bg7 3. e4 c5 4. d5 d6 5. Be2 Nf6 6. Nc3 O-O 7. Nf3 e6 8. O-O
Re8 9. dxe6 Bxe6 10. h3 Nc6 11. Be3 Bc8 12. Bd3 b6 13. a3 Bb7 14. Qc2 Nd7
15. Nd5 Nde5 16. Nxe5 Bxe5 17. Qd2 Nd4 18. Rae1 Bxd5 19. exd5 Qh4 20. Rd1
Bg7 1/2-1/2

[Event "Aeroflot Open"]
[Site "Moscow RUS"]
[Date "2002.02.09"]
[Round "8"]
[White "Meister,Y"]
[Black "Lerner,K"]
[Result "1/2-1/2"]
[WhiteElo "2494"]
[BlackElo "2569"]
[EventDate "2002.02.04"]

1. e4 c5 2. Nc3 Nc6 3. f4 e6 4. Nf3 a6 5. d4 cxd4 6. Nxd4 Qb6 7. Nxc6 bxc6
8. Bd3 d5 9. Qe2 Nf6 10. Bd2 Rb8 11. b3 Bb4 12. Na4 Qa7 13. c3 Be7 14. e5
Nd7 15. Be3 c5 16. O-O g6 17. Qf2 Qc7 18. c4 d4 19. Bd2 Bb7 20. Rae1 Bc6
21. Nb2 Qb7 22. Re2 a5 23. Qe1 Ra8 24. Be4 Bxe4 25. Rxe4 O-O 26. Rf3 Ra6
27. Re2 Rfa8 28. Qd1 Nb6 29. a4 Nd7 30. Nd3 Rb6 31. Nc1 Nb8 32. Ref2 Nc6
33. Qe2 Rb8 34. Rh3 Qd7 35. Rff3 f6 36. exf6 Bxf6 37. Rf1 Bg7 38. Rg3 Qe7
39. Qe4 Rf8 40. Rgf3 Qf7 41. Re1 Re8 42. g4 Qe7 43. Re2 Qd6 44. f5 Ne5 45.
Rg3 d3 46. Nxd3 Rxb3 47. Nxe5 exf5 48. Qd5+ Qxd5 49. cxd5 Rb1+ 50. Kg2 Rxe5
51. Rge3 Rxe3 52. Bxe3 Bf8 53. gxf5 gxf5 54. Bf4 Rb4 55. Bc7 Rd4 56. Re5
Rxa4 57. d6 Rd4 1/2-1/2

[Event "Aeroflot Open"]
[Site "Moscow RUS"]
[Date "2002.02.09"]
[Round "8"]
[White "Bocharov,D"]
[Black "Asrian,K"]
[Result "0-1"]
[WhiteElo "2452"]
[BlackElo "2599"]
[EventDate "2002.02.04"]

1. d4 d5 2. c4 e6 3. Nf3 Nf6 4. Nc3 c6 5. Bg5 Nbd7 6. e3 Qa5 7. Nd2 Bb4 8.
Qc2 O-O 9. a3 dxc4 10. Bxf6 Nxf6 11. Nxc4 Bxc3+ 12. Qxc3 Qxc3+ 13. bxc3 b6
14. Be2 Ba6 15. Ne5 Bxe2 16. Kxe2 Rac8 17. a4 c5 18. a5 cxd4 19. cxd4 Rc2+
20. Kf3 b5 21. a6 Nd5 22. Rhb1 b4 23. Nd3 Rc4 24. Rb3 Rb8 25. Ne5 Rc7 0-1

[Event "Aeroflot Open"]
[Site "Moscow RUS"]
[Date "2002.02.09"]
[Round "8"]
[White "Kogan,A"]
[Black "Belov,Vl"]
[Result "0-1"]
[WhiteElo "2568"]
[BlackElo "2487"]
[EventDate "2002.02.04"]

1. e4 c5 2. Nf3 d6 3. Nc3 Nf6 4. g3 Nc6 5. Bg2 g6 6. O-O Bg7 7. d3 O-O 8.
h3 Rb8 9. a4 a6 10. Be3 e5 11. Nh2 Nd4 12. Ng4 Nh5 13. Nd5 Be6 14. Nh6+ Kh8
15. c3 Nc6 16. Nf5 gxf5 17. Qxh5 fxe4 18. dxe4 Bxd5 19. exd5 Ne7 20. Bg5
0-1

[Event "Aeroflot Open"]
[Site "Moscow RUS"]
[Date "2002.02.09"]
[Round "8"]
[White "Geller,J"]
[Black "Balashov,Y"]
[Result "1/2-1/2"]
[WhiteElo "2417"]
[BlackElo "2545"]
[EventDate "2002.02.04"]

1. e4 e5 2. Nf3 Nc6 3. Bb5 a6 4. Ba4 Nf6 5. O-O Be7 6. Bxc6 dxc6 7. d3 Nd7
8. Nbd2 O-O 9. Nc4 f6 10. Nh4 Nc5 11. f4 exf4 12. Rxf4 g6 13. Be3 a5 14.
Rf1 Ne6 15. a4 Ng7 16. Nf3 Be6 17. b3 c5 18. Bd2 b6 19. Bc3 Bxc4 20. dxc4
Qxd1 21. Raxd1 Rad8 22. Rd5 c6 23. Rd3 Rxd3 24. cxd3 Ne6 25. g3 Rd8 26. Rd1
Kf7 27. Kf2 h5 28. Ke3 g5 29. Ke2 Kg6 30. d4 cxd4 31. Nxd4 Nxd4+ 32. Rxd4
Rxd4 33. Bxd4 Bc5 34. Bxc5 bxc5 35. h3 Kf7 36. g4 hxg4 37. hxg4 Ke6 38. Kf2
Kd6 1/2-1/2

[Event "Aeroflot Open"]
[Site "Moscow RUS"]
[Date "2002.02.09"]
[Round "8"]
[White "Shariyazdanov,A"]
[Black "Akhmetov,A"]
[Result "1-0"]
[WhiteElo "2532"]
[BlackElo "2482"]
[EventDate "2002.02.04"]

1. d4 Nf6 2. c4 d6 3. Nc3 e5 4. Nf3 Nbd7 5. Bg5 Be7 6. e3 O-O 7. Qc2 c6 8.
Bd3 exd4 9. exd4 Re8 10. O-O Nf8 11. h3 h6 12. Be3 Ne6 13. d5 Nc5 14. Be2
Bf8 15. Rad1 Bd7 16. dxc6 bxc6 17. Bf4 Qc7 18. b4 Ne6 19. Bh2 a5 20. a3
axb4 21. axb4 Qb7 22. Rb1 d5 23. c5 Nh5 24. Rfd1 Nhf4 25. Bf1 Ra3 26. Ne5
d4 27. Ne4 d3 28. Qc4 Nd5 29. Rxd3 Rxd3 30. Nxd3 Nec7 31. Nd6 Bxd6 32. cxd6
Nb5 33. Nc5 Qa7 34. Rc1 Bc8 35. Qb3 Nf6 36. Bc4 Nd4 37. Qb2 Nb5 38. Ra1 Qb6
39. Be5 Qd8 40. Bxf6 gxf6 41. Bxb5 cxb5 42. d7 Bxd7 43. Rd1 Re7 44. Qd4 1-0

[Event "Aeroflot Open"]
[Site "Moscow RUS"]
[Date "2002.02.09"]
[Round "8"]
[White "Khurtsidze,N"]
[Black "Kuzmin,G"]
[Result "1-0"]
[WhiteElo "2434"]
[BlackElo "2527"]
[EventDate "2002.02.04"]

1. d4 Nf6 2. c4 e6 3. Nc3 d5 4. cxd5 Nxd5 5. e4 Nxc3 6. bxc3 c5 7. Nf3 Be7
8. Bb5+ Bd7 9. Bd3 O-O 10. O-O Nc6 11. a3 Na5 12. Rb1 Rc8 13. Ne5 Be8 14.
Qg4 Kh8 15. Bb2 f6 16. Nf3 e5 17. dxe5 f5 18. exf5 Qxd3 19. f6 gxf6 20.
Qxc8 Rg8 21. Qe6 Bc6 22. Ne1 Qxb1 23. Qxe7 f5 24. Qf6+ Rg7 1-0

[Event "Aeroflot Open"]
[Site "Moscow RUS"]
[Date "2002.02.09"]
[Round "8"]
[White "Guseinov,K"]
[Black "Shinkevich,V"]
[Result "0-1"]
[WhiteElo "2527"]
[BlackElo "2480"]
[EventDate "2002.02.04"]

1. e4 e5 2. Nf3 Nc6 3. Bb5 a6 4. Bxc6 dxc6 5. O-O Qd6 6. d3 Ne7 7. Be3 Ng6
8. Nbd2 c5 9. Qe2 Be7 10. c3 O-O 11. Rfd1 Bf6 12. a3 a5 13. b4 cxb4 14.
axb4 Be7 15. Nc4 Qe6 16. bxa5 f5 17. Bc1 Bc5 18. exf5 Qxf5 19. d4 exd4 20.
cxd4 Bd6 21. Nxd6 cxd6 22. Qc4+ Kh8 23. Ba3 Ra6 24. Bc1 Qg4 25. h3 Qh5 26.
Re1 h6 27. Ra3 Rxa5 28. Rxa5 Qxa5 29. Qe2 Bd7 30. Bd2 Qd5 31. Qe4 Qxe4 32.
Rxe4 Bxh3 33. gxh3 Rxf3 34. Re6 Rf6 35. Rxf6 gxf6 36. Bxh6 Kh7 37. Bd2 d5
38. Kf1 Nf8 39. Ke2 Ne6 40. Kd3 Kg6 41. Kc3 Kh5 42. Kb4 Kh4 43. Be3 Kxh3
44. Kb5 Kg4 45. Kb6 Kf3 46. Kxb7 Ke4 47. Kc6 Nxd4+ 48. Kd7 Nf3 0-1

[Event "Aeroflot Open"]
[Site "Moscow RUS"]
[Date "2002.02.09"]
[Round "8"]
[White "Bartel,Mat"]
[Black "Kosyrev,V"]
[Result "1/2-1/2"]
[WhiteElo "2413"]
[BlackElo "2565"]
[EventDate "2002.02.04"]

1. e4 e6 2. d4 d5 3. Nc3 Bb4 4. e5 c5 5. Bd2 Ne7 6. Nb5 Bxd2+ 7. Qxd2 O-O
8. c3 Nbc6 9. f4 a6 10. Nd6 cxd4 11. cxd4 Qb6 12. O-O-O Bd7 13. Nf3 Nc8 14.
Nxc8 Raxc8 15. Kb1 Na5 16. Bd3 Bb5 17. Rc1 Bxd3+ 18. Qxd3 h6 19. g4 Rc4 20.
g5 Qb5 21. Rxc4 Nxc4 22. Qb3 Qxb3 23. axb3 Na5 24. Rc1 hxg5 25. fxg5 Nc6
26. Kc2 Rc8 27. Kd2 Kf8 1/2-1/2

[Event "Aeroflot Open"]
[Site "Moscow RUS"]
[Date "2002.02.09"]
[Round "8"]
[White "Avrukh,B"]
[Black "Inarkiev,E"]
[Result "1/2-1/2"]
[WhiteElo "2591"]
[BlackElo "2500"]
[EventDate "2002.02.04"]

1. d4 Nf6 2. c4 g6 3. Nc3 Bg7 4. e4 d6 5. Nf3 O-O 6. Be2 e5 7. Be3 Ng4 8.
Bg5 f6 9. Bh4 Nc6 10. d5 Ne7 11. Nd2 h5 12. h3 Nh6 13. g4 hxg4 14. hxg4 Nf7
15. Qc2 c5 16. O-O-O Bd7 17. Rdf1 a6 18. Rh2 Nc8 19. Bg3 Bh6 20. f4 exf4
21. Bxf4 Bxf4 22. Rxf4 Kg7 23. Nd1 Ne7 24. Rf1 Rh8 25. Rhf2 Ng8 26. Qb3 Rb8
27. e5 Nxe5 28. Ne4 Bxg4 29. Bxg4 Nxg4 30. Ng5 Qd7 31. Ne6+ Kf7 32. Rf4 Ne5
33. Qg3 Re8 34. Rh4 Rxh4 35. Qxh4 Rxe6 36. dxe6+ Qxe6 37. Ne3 b5 38. b3
bxc4 39. bxc4 Kg7 40. Qe4 Nh6 41. Kc2 Nhf7 42. Rg1 Qd7 43. Nf5+ Kf8 44.
Qa8+ Nd8 45. Nxd6 Nec6 46. Rd1 Nd4+ 47. Rxd4 cxd4 48. c5 Kg7 49. Qxa6 Nc6
50. Qc4 g5 51. a3 d3+ 52. Qxd3 Qe6 53. Kd2 Qe5 54. Qc4 Qb2+ 55. Kd1 Qa1+
56. Kc2 Ne5 57. Qe6 Qf1 58. Qe7+ Kg6 59. Qe8+ Kg7 60. Qe7+ Kg6 61. Qe8+
1/2-1/2

[Event "Aeroflot Open"]
[Site "Moscow RUS"]
[Date "2002.02.09"]
[Round "8"]
[White "Bar,R"]
[Black "Kovalev,A"]
[Result "0-1"]
[WhiteElo "2418"]
[BlackElo "2575"]
[EventDate "2002.02.04"]

1. e4 c5 2. Nf3 d6 3. d4 Nf6 4. dxc5 Nxe4 5. cxd6 Nc6 6. Bd3 Nxd6 7. b3 e5
8. Qe2 f5 9. Nxe5 Qa5+ 10. Kd1 Qxe5 11. Qxe5+ Nxe5 12. Re1 Ne4 13. Bxe4
fxe4 14. Rxe4 Bd6 15. Bb2 Bf5 16. Rxe5+ Bxe5 17. Bxe5 O-O-O+ 18. Kc1 Rhe8
19. f4 g5 20. Na3 gxf4 21. Nc4 Rd5 22. Bxf4 Re2 23. Ne3 Rd4 24. Bg5 Bg6 25.
Kb2 Re4 26. Nc4 Rg4 27. h4 Rgxg2 28. Na3 a6 29. Rd1 b5 30. b4 Rg4 31. Kc3
a5 32. Rd4 Rxd4 33. Kxd4 axb4 34. Nxb5 Rxc2 35. Be7 Be8 36. Nd6+ Kd7 37.
Bf8 Rf2 0-1

[Event "Aeroflot Open"]
[Site "Moscow RUS"]
[Date "2002.02.09"]
[Round "8"]
[White "Postny,E"]
[Black "Sadvakasov,D"]
[Result "0-1"]
[WhiteElo "2491"]
[BlackElo "2555"]
[EventDate "2002.02.04"]

1. d4 Nf6 2. c4 e6 3. Nf3 b6 4. g3 Ba6 5. Nbd2 Bb7 6. Bg2 d5 7. O-O Bd6 8.
b3 c5 9. Bb2 O-O 10. cxd5 exd5 11. dxc5 bxc5 12. Ne5 Qe7 13. Nd3 Nbd7 14.
Re1 Rfe8 15. Qc2 a5 16. a4 Nf8 17. Rac1 Ne6 18. Bxf6 Qxf6 19. e4 Nd4 20.
Qd1 dxe4 21. Nxe4 Bxe4 22. Bxe4 Rad8 23. Re3 g6 24. Bg2 Rxe3 25. fxe3 Nf5
26. Qe2 Re8 27. e4 Nd4 28. Qf2 Qxf2+ 29. Kxf2 Nxb3 30. Rc3 Nd4 31. e5 Bf8
32. Nxc5 Rxe5 33. Nd7 Re2+ 34. Kf1 Bb4 35. Rd3 Re1+ 36. Kf2 Ne6 37. Nf6+
Kg7 38. Nd5 Ra1 39. Nxb4 axb4 40. Bc6 Nc5 41. Rd5 Nxa4 42. Rd4 Nc5 43. Rc4
Nd3+ 44. Ke3 Ne5 45. Rc5 Ra3+ 46. Ke4 Nxc6 47. Rxc6 Ra2 48. h4 Re2+ 49. Kf3
Re6 0-1

[Event "Aeroflot Open"]
[Site "Moscow RUS"]
[Date "2002.02.09"]
[Round "8"]
[White "Janssen,R"]
[Black "Iskusnyh,S"]
[Result "1-0"]
[WhiteElo "2476"]
[BlackElo "2514"]
[EventDate "2002.02.04"]

1. d4 d5 2. Nf3 Nf6 3. c4 e6 4. g3 c6 5. Bg2 Nbd7 6. O-O Bd6 7. Nc3 O-O 8.
Nd2 c5 9. cxd5 exd5 10. dxc5 Nxc5 11. Nb3 Nxb3 12. axb3 Bg4 13. Bg5 Re8 14.
Ra4 Be6 15. Bxd5 Be5 16. Bxe6 fxe6 17. Qc2 Qc7 18. Rc4 Qf7 19. Bxf6 Qxf6
20. Ne4 Qg6 21. Rd1 Rad8 22. Rxd8 Rxd8 23. Rc8 Qe8 24. Rxd8 Qxd8 25. e3 Kf7
26. h4 h6 27. Nc3 Qb6 28. Ne2 Ke7 29. Nc1 Qb5 30. Nd3 Bd6 31. Qc4 Qh5 32.
Kg2 Qd1 33. b4 g5 34. hxg5 hxg5 35. e4 Qe2 36. Qd4 g4 37. e5 Qf3+ 38. Kh2
Bc7 39. Nc5 1-0

[Event "Aeroflot Open"]
[Site "Moscow RUS"]
[Date "2002.02.09"]
[Round "8"]
[White "Meshkov,Y"]
[Black "Isaev,J"]
[Result "0-1"]
[WhiteElo "2407"]
[BlackElo "2455"]
[EventDate "2002.02.04"]

1. e4 c5 2. c3 d5 3. exd5 Qxd5 4. d4 Nf6 5. Nf3 Bg4 6. Qa4+ Bd7 7. Qb3 Qxb3
8. axb3 cxd4 9. Nxd4 Nc6 10. Nxc6 Bxc6 11. b4 b6 12. Na3 a6 13. Nc2 b5 14.
Nd4 Bb7 15. Nb3 e5 16. Be3 O-O-O 17. Nc5 Bxc5 18. Bxc5 Ne4 19. Be3 f5 20.
c4 f4 21. Ba7 Nd2 22. cxb5 Nxf1 23. bxa6 Bxg2 24. Rg1 f3 25. b5 Rd2 26.
Rc1+ Kd7 27. Rd1 Rxd1+ 28. Kxd1 e4 29. b6 e3 30. fxe3 f2 0-1

[Event "Aeroflot Open"]
[Site "Moscow RUS"]
[Date "2002.02.10"]
[Round "9"]
[White "Fedorov,Alex"]
[Black "Tregubov,P"]
[Result "1/2-1/2"]
[WhiteElo "2589"]
[BlackElo "2626"]
[EventDate "2002.02.04"]

1. e4 c5 2. d3 Nc6 3. g3 d5 4. Nd2 Nf6 5. Bg2 g6 6. Ngf3 Bg7 7. O-O O-O 8.
c3 d4 9. c4 e5 10. Ne1 Ne8 11. f4 Nd6 12. f5 gxf5 13. Qh5 fxe4 14. Nxe4
Nxe4 15. Bxe4 f5 16. Bxf5 Bxf5 17. Rxf5 Rxf5 18. Qxf5 Qf6 19. Qxf6 Bxf6 20.
Bd2 Re8 21. Kf2 Kf7 22. Rb1 Kg6 23. b4 cxb4 24. Bxb4 b6 25. Bd6 Be7 26.
Bxe7 Rxe7 27. Rb5 Kf6 28. Kf3 Nb8 29. a4 Nd7 30. a5 Re6 31. axb6 axb6 32.
Ke2 Nc5 33. Nf3 Ke7 34. Nd2 Kd7 35. Rb1 Rh6 36. Nf3 Kc7 37. Ra1 Kb7 38. Rf1
Rf6 39. Nd2 Rxf1 40. Nxf1 Kc6 41. g4 e4 42. dxe4 Nxe4 43. Nd2 Nc5 44. g5 b5
45. cxb5+ Kxb5 46. h4 Kc6 47. h5 Ne6 48. g6 hxg6 49. hxg6 1/2-1/2

[Event "Aeroflot Open"]
[Site "Moscow RUS"]
[Date "2002.02.10"]
[Round "9"]
[White "Poluljahov,A"]
[Black "Sulskis,S"]
[Result "1-0"]
[WhiteElo "2527"]
[BlackElo "2579"]
[EventDate "2002.02.04"]

1. d4 Nf6 2. c4 e6 3. Nf3 b6 4. Nc3 Bb7 5. a3 d5 6. Bg5 Be7 7. Bxf6 Bxf6 8.
cxd5 exd5 9. Qa4+ c6 10. g3 O-O 11. Bg2 Re8 12. O-O Na6 13. Rfd1 Nc7 14.
Rac1 g6 15. e3 Bg7 16. b4 Qd6 17. Qb3 a5 18. bxa5 b5 19. a4 Rxa5 20. axb5
Nxb5 21. Bf1 Nxc3 22. Rxc3 Ba8 23. Qb6 Ra2 24. Rb1 Qf6 25. Qb3 Ra7 26. Ne5
Qd6 27. Nd3 Bf8 28. Qc2 Rb8 29. h4 Rxb1 30. Qxb1 1-0

[Event "Aeroflot Open"]
[Site "Moscow RUS"]
[Date "2002.02.10"]
[Round "9"]
[White "Psakhis,L"]
[Black "Yemelin,V"]
[Result "1-0"]
[WhiteElo "2572"]
[BlackElo "2522"]
[EventDate "2002.02.04"]

1. d4 Nf6 2. Nf3 e6 3. c4 b6 4. g3 Bb7 5. Bg2 Be7 6. Nc3 Ne4 7. Bd2 Bf6 8.
Qc2 Nxd2 9. Qxd2 d6 10. d5 e5 11. h4 h5 12. Bh3 Nd7 13. e4 a5 14. b3 g6 15.
O-O Bg7 16. Qe2 Bh6 17. Ne1 O-O 18. a3 Nf6 19. Nd3 Ne8 20. Kh2 Ba6 21. a4
Ng7 22. Qe1 f5 23. f4 exf4 24. Nxf4 Qf6 25. exf5 Rae8 26. Ne4 Qb2+ 27. Rf2
Qxb3 28. f6 Qxc4 29. fxg7 Bxg7 30. Be6+ Rxe6 31. Nxe6 Rxf2+ 32. Nxf2 Be5
33. Rd1 Qxh4+ 34. Nh3 Bf1 35. Neg5 Qg4 36. Rd2 Bxh3 37. Nxh3 h4 38. Kg2
hxg3 39. Qb1 Kg7 40. Qc2 Kh6 1-0

[Event "Aeroflot Open"]
[Site "Moscow RUS"]
[Date "2002.02.10"]
[Round "9"]
[White "Riazantsev,A"]
[Black "Dvoirys,S"]
[Result "1/2-1/2"]
[WhiteElo "2511"]
[BlackElo "2563"]
[EventDate "2002.02.04"]

1. d4 Nf6 2. c4 g6 3. Nc3 d5 4. Nf3 Bg7 5. Bf4 O-O 6. Rc1 c5 7. dxc5 dxc4
8. Qxd8 Rxd8 9. e4 Na6 10. e5 Ne8 11. Be3 Be6 12. Ng5 Nec7 13. f4 Bd5 14.
Kf2 e6 15. Nge4 b6 16. Nd6 Nxc5 17. Nxc4 f6 18. b4 Nd7 19. exf6 Nxf6 20.
Be2 Bf8 21. a3 Bxc4 22. Bxc4 Ng4+ 23. Kf3 Nxe3 24. Kxe3 a5 25. bxa5 Rxa5
26. a4 Bb4 27. Rhd1 Rxd1 28. Rxd1 Bxc3 1/2-1/2

[Event "Aeroflot Open"]
[Site "Moscow RUS"]
[Date "2002.02.10"]
[Round "9"]
[White "Jobava,Ba"]
[Black "Yagupov,I"]
[Result "0-1"]
[WhiteElo "2556"]
[BlackElo "2466"]
[EventDate "2002.02.04"]

1. d4 d5 2. c4 e6 3. Nf3 c6 4. Nc3 dxc4 5. g3 Nf6 6. Bg2 Nbd7 7. O-O b5 8.
e4 Bb7 9. a4 a6 10. Ng5 e5 11. Be3 h6 12. Nf3 Ng4 13. Bh3 Nxe3 14. fxe3 Bd6
15. axb5 cxb5 16. dxe5 Nxe5 17. Nxe5 Bxe5 18. Qh5 Bf6 19. Rad1 Qb6 20. Rd7
O-O 21. Rxb7 Qxb7 22. Rxf6 Qe7 23. Nd5 Qxe4 24. Bg2 Qd3 25. Ne7+ Kh7 26.
Qe5 gxf6 27. Be4+ Kg7 28. Nf5+ Kg6 29. Nxh6+ Kg7 30. Nf5+ Kg6 31. Nd4+ Kg7
32. Qf4 Qd1+ 33. Kg2 Qh5 34. h4 Rae8 35. Bf5 Re5 36. g4 Qxh4 37. Nf3 0-1

[Event "Aeroflot Open"]
[Site "Moscow RUS"]
[Date "2002.02.10"]
[Round "9"]
[White "Nadanian,A"]
[Black "Lastin,A"]
[Result "1/2-1/2"]
[WhiteElo "2407"]
[BlackElo "2630"]
[EventDate "2002.02.04"]

1. e4 c5 2. g3 Nc6 3. Bg2 g6 4. d3 Bg7 5. f4 d6 6. Nf3 Nf6 7. O-O O-O 8. c3
Rb8 9. a4 a6 10. Qe2 b5 11. axb5 Rxb5 12. e5 dxe5 13. fxe5 Nd5 14. Qf2
1/2-1/2

[Event "Aeroflot Open"]
[Site "Moscow RUS"]
[Date "2002.02.10"]
[Round "9"]
[White "Turov,M"]
[Black "Potkin,V"]
[Result "1/2-1/2"]
[WhiteElo "2563"]
[BlackElo "2481"]
[EventDate "2002.02.04"]

1. c4 e6 2. d4 d5 3. Nc3 c6 4. e4 dxe4 5. Nxe4 Bb4+ 6. Bd2 Qxd4 7. Bxb4
Qxe4+ 8. Be2 Na6 9. Ba5 b6 10. Bc3 Bb7 11. Qd2 Rd8 12. Qg5 Ne7 13. Nf3 c5
14. Qxg7 Rg8 15. Qf6 Rxg2 16. Ne5 Qf5 17. Qxf5 Nxf5 18. Bh5 Rg5 19. Bf3 Nd4
20. Bxb7 Rxe5+ 21. Kf1 Nb4 22. a3 Nd3 23. Rd1 Nf4 24. Rg1 Ke7 25. Rg4 Nfe2
26. Rg7 Kf6 27. Bxd4 cxd4 28. Rxh7 Rg8 29. f4 Re3 30. Kf2 Rd8 1/2-1/2

[Event "Aeroflot Open"]
[Site "Moscow RUS"]
[Date "2002.02.10"]
[Round "9"]
[White "Vasiukov,E"]
[Black "Gershon,A"]
[Result "1/2-1/2"]
[WhiteElo "2524"]
[BlackElo "2558"]
[EventDate "2002.02.04"]

1. e4 c5 2. Nf3 d6 3. Nc3 Nc6 4. d4 cxd4 5. Nxd4 Nf6 6. g3 g6 7. Bg2 Nxd4
8. Qxd4 Bg7 9. Bg5 O-O 10. O-O h6 11. Bd2 Be6 12. Qd3 Qd7 13. b3 Rfc8 14.
Rac1 Bh3 15. Rfe1 Bxg2 16. Kxg2 Rc5 17. Nd5 Nxd5 18. exd5 b5 19. Bb4 Rc7
20. Ba5 Rb7 21. Re4 Rc8 22. Rce1 Bf6 23. R1e2 h5 24. h3 Qf5 1/2-1/2

[Event "Aeroflot Open"]
[Site "Moscow RUS"]
[Date "2002.02.10"]
[Round "9"]
[White "Asrian,K"]
[Black "Podgaets,M"]
[Result "1-0"]
[WhiteElo "2599"]
[BlackElo "2490"]
[EventDate "2002.02.04"]

1. e4 e5 2. Nf3 Nc6 3. Bb5 a6 4. Ba4 Nf6 5. O-O Be7 6. Re1 b5 7. Bb3 d6 8.
c3 O-O 9. d3 Na5 10. Bc2 c5 11. Nbd2 Qc7 12. Nf1 h6 13. Ng3 Re8 14. h3 Be6
15. Nh2 Nc6 16. Nf5 Bxf5 17. exf5 d5 18. Ng4 Rad8 19. Qf3 Nxg4 20. Qxg4 Qd6
21. Bd2 Qf6 22. a4 b4 23. a5 c4 24. dxc4 bxc3 25. bxc3 d4 26. Be4 Bc5 27.
Qf3 dxc3 28. Bxc3 Nd4 29. Qg4 Rc8 30. Rad1 Re7 31. Kh1 Ba7 32. Bd5 Nxf5 33.
f4 h5 34. Qxh5 Bd4 35. fxe5 Bxe5 1-0

[Event "Aeroflot Open"]
[Site "Moscow RUS"]
[Date "2002.02.10"]
[Round "9"]
[White "Socko,B"]
[Black "Lugovoi,A"]
[Result "1-0"]
[WhiteElo "2585"]
[BlackElo "2510"]
[EventDate "2002.02.04"]

1. e4 e5 2. Nf3 Nc6 3. Bb5 a6 4. Ba4 Nf6 5. O-O Be7 6. Re1 b5 7. Bb3 d6 8.
c3 O-O 9. h3 Nd7 10. d4 Bf6 11. d5 Na5 12. Bc2 Be7 13. Nbd2 Nb6 14. Nf1 Bd7
15. Ne3 c6 16. dxc6 Bxc6 17. Nf5 Nb7 18. Nh2 Kh8 19. b3 Re8 20. Nxe7 Qxe7
21. Ng4 Nc5 22. Ba3 Rad8 23. Qf3 Qc7 24. Ne3 Ne6 25. Rad1 a5 26. Nf5 d5 27.
exd5 Bxd5 28. Qg3 f6 29. Nd6 Rxd6 30. Bxd6 Qxd6 31. c4 bxc4 32. bxc4 Nxc4
33. Qd3 g6 34. Qxd5 Qxd5 35. Rxd5 Rc8 36. Bb3 Nf4 37. Bxc4 1-0

[Event "Aeroflot Open"]
[Site "Moscow RUS"]
[Date "2002.02.10"]
[Round "9"]
[White "Lerner,K"]
[Black "Bagirov,R"]
[Result "1-0"]
[WhiteElo "2569"]
[BlackElo "2471"]
[EventDate "2002.02.04"]

1. c4 Nf6 2. Nc3 d5 3. cxd5 Nxd5 4. g3 g6 5. Bg2 Nb6 6. d3 Bg7 7. Be3 O-O
8. Qd2 Nc6 9. Bxc6 bxc6 10. Bh6 c5 11. h4 Bb7 12. Rh2 Qd4 13. h5 Rad8 14.
hxg6 hxg6 15. Rh4 Qf6 16. Bxg7 Qxg7 17. Qe3 c4 18. dxc4 e5 19. Nf3 e4 20.
Nd2 Rd4 21. Ndxe4 Rxc4 22. Qg5 Rc6 23. O-O-O f6 24. Qb5 Re8 25. Qb3+ 1-0

[Event "Aeroflot Open"]
[Site "Moscow RUS"]
[Date "2002.02.10"]
[Round "9"]
[White "Shinkevich,V"]
[Black "Sveshnikov,E"]
[Result "1/2-1/2"]
[WhiteElo "2480"]
[BlackElo "2565"]
[EventDate "2002.02.04"]

1. d4 d5 2. c4 dxc4 3. Nf3 e6 4. e3 a6 5. Bxc4 b5 6. Bd3 Bb7 7. O-O c5 8.
dxc5 Bxc5 9. Qe2 Nd7 10. Nbd2 Ngf6 11. a4 bxa4 12. Rxa4 a5 13. Ra1 O-O 14.
Rd1 Qc7 15. b3 Ne5 16. Bb2 Nxd3 17. Bxf6 Ba6 18. Nc4 Bxc4 19. bxc4 Nb4 20.
Bb2 Rfc8 21. Ne5 Rd8 22. Qf3 f6 23. Rd7 Rxd7 24. Nxd7 Re8 25. Nxf6+ gxf6
26. Bxf6 Qf7 27. Rxa5 Qg6 28. h4 Rf8 29. Rxc5 Qxf6 30. Rg5+ Kh8 31. Qxf6+
Rxf6 32. Kf1 Rf7 33. Rb5 Nd3 34. f4 Rc7 35. Rb6 e5 36. Ke2 e4 37. g4 Rxc4
38. Kd2 Rc7 39. h5 Rd7 40. Ke2 1/2-1/2

[Event "Aeroflot Open"]
[Site "Moscow RUS"]
[Date "2002.02.10"]
[Round "9"]
[White "Korotylev,A"]
[Black "Meister,Y"]
[Result "0-1"]
[WhiteElo "2564"]
[BlackElo "2494"]
[EventDate "2002.02.04"]

1. d4 d5 2. c4 e6 3. Nc3 Bb4 4. e3 Nf6 5. Nf3 c5 6. Bd3 cxd4 7. exd4 dxc4
8. Bxc4 O-O 9. O-O b6 10. Qe2 Bb7 11. Rd1 Bxc3 12. bxc3 Qc7 13. Bd3 Nbd7
14. c4 Rfe8 15. Bb2 Qf4 16. Nd2 e5 17. d5 e4 18. Bc2 Rac8 19. Nf1 Ng4 0-1

[Event "Aeroflot Open"]
[Site "Moscow RUS"]
[Date "2002.02.10"]
[Round "9"]
[White "Efimenko,Z"]
[Black "Gagunashvili,M"]
[Result "1/2-1/2"]
[WhiteElo "2546"]
[BlackElo "2486"]
[EventDate "2002.02.04"]

1. e4 d6 2. d4 Nf6 3. Nc3 g6 4. Be3 c6 5. h3 Bg7 6. Nf3 O-O 7. Qd2 b5 8.
Bd3 Nbd7 9. O-O Bb7 10. e5 Ne8 11. Bh6 c5 12. Be4 cxd4 13. Bxg7 Nxg7 14.
Bxb7 dxc3 15. Qxc3 Rb8 16. Be4 b4 17. Qe3 Nxe5 18. Nxe5 dxe5 19. Qxa7 Qd4
20. Qxd4 exd4 21. Rfe1 Rfd8 22. Bd3 Kf8 1/2-1/2

[Event "Aeroflot Open"]
[Site "Moscow RUS"]
[Date "2002.02.10"]
[Round "9"]
[White "Vlassov,N"]
[Black "Mchedlishvili,M"]
[Result "0-1"]
[WhiteElo "2454"]
[BlackElo "2527"]
[EventDate "2002.02.04"]

1. e4 c6 2. d4 d5 3. e5 Bf5 4. Nc3 a6 5. Be3 Qc7 6. g4 Bc8 7. Bg2 e6 8. f4
h5 9. h3 c5 10. Nf3 cxd4 11. Nxd4 Bb4 12. Qd3 Nd7 13. Nb3 Nb6 14. Bd4 Na4
15. O-O-O Nxc3 16. bxc3 Ba3+ 17. Kb1 Ne7 18. Qe3 Bd7 19. Ka1 Rc8 20. Rhe1
g6 21. Bf1 Ba4 22. Rb1 b5 23. Bd3 hxg4 24. hxg4 Bxb3 25. Rxb3 Bc5 26. f5
gxf5 27. gxf5 Kd7 28. Kb2 Bxd4 29. cxd4 Nc6 30. Rf1 Rhe8 31. Kc1 Qb6 32.
Rf4 Re7 33. Kd1 Na5 34. Rb1 Nc4 35. Qe1 Qc6 36. Qb4 Rh8 37. Ke2 Rh2+ 38.
Rf2 Rh4 39. fxe6+ fxe6 40. Rbf1 a5 41. Qxe7+ Kxe7 42. Rf8 Rh2+ 43. R1f2
Rxf2+ 44. Rxf2 Nb2 0-1